Promotion Winning Norwich City Managers - Statistics

General Stats
  • This quiz has been taken 7 times
  • The average score is 4 of 8
Answer Stats
Answer % Correct
Alex Neil
100%
Daniel Farke
100%
Nigel Worthington
83%
Paul Lambert
67%
Archie Macaulay
0%
Ken Brown
0%
Ron Saunders
0%
Tom Parker
0%
No matching quizzes found
Score Distribution
Percent of People with Each Score
Percentile by Number Answered
Your Score History
You have not taken this quiz